| 000 | 00713nam a2200217 a 4500 | ||
|---|---|---|---|
| 001 | 000012346 | ||
| 005 | 20240412074231.0 | ||
| 008 | 091111s1996 dr 000 f spa d | ||
| 020 | _a8489546037 | ||
| 040 |
_aDO-SdBNP _bspa _cBNPHU |
||
| 082 |
_aRD863.44 _bA661q |
||
| 100 | 1 |
_aArambilet, Luis _d1957- _924293 |
|
| 245 | 1 | 0 |
_aQuinteto : _b(cinco historias de las tristes) / _cLuis Arambilet. |
| 260 |
_aSanto Domingo : _bCorripio, _c1996. |
||
| 300 |
_a146 p. ; _c23 cm. |
||
| 500 | _aIncluye datos biográficos del autor en la contracubierta | ||
| 590 | _aInventariado, 2019/VM | ||
| 650 | 0 |
_aCuentos dominicanos _9176 |
|
| 650 | 0 |
_aLiteratura dominicana. _967 |
|
| 910 | _aValidado. Control de calidad MMOLINA | ||
| 999 |
_c12003 _d12003 |
||